000 01883nam a2200313Ia 4500
999 _c54892
_d54892
001 21961
003 GE_BSU
005 20220914115955.0
008 181216s2008||||ge |||||||||||||| ||geo||
020 _a9789941404047
040 _cGE_BSU
041 _ageo
080 _a821.353.1(ჰაგიოგრ.)+2-135 მ-59
100 _aმეტრეველი, საბა-ფირუზ
_914596
245 _aქართული აგიოგრაფიის (IV-X სს.) იკონოგრაფიული სახისმეტყველება /
_cსაბა-ფირუზ მეტრეველი ; რედ. რევაზ ბარამიძე.
264 _aთბილისი :
_bნეკერი,
_c2008.
300 _a337გვ. ;
_c20 სმ.
500 _aეძღვნება საქ კათოლიკოს-პატრიარქის ილია II-ის დაბადების 75-ე და აღსაყდრების 30-ე წლისთავს
504 _aბიბლიოგრაფია გვ. : 324-337
541 _h15ლ.
546 _aრეზიუმე რუსულ და ინგლისურ ენებზე
653 _aრელიგია
653 _aქართული აგიოგრაფიის (IV-X სს.) იკონოგრაფიული სახისმეტყველება
653 _aქართული აგიოგრაფიული ლიტერატურა
653 _aრელიგიური სიმბოლოები ქართულ ჰაგიოგრაფიაში
653 _aძველი ქართული ლიტერატურა
700 _aბარამიძე,რევაზ
_eრედაქტორი
_914598
942 _cBK
_2udc